[Event "II Weekend Lago Maggiore"]
[Site "Leggiuno ITA"]
[Date "2015.05.09"]
[Round "3"]
[White "Buzio, Alberto"]
[Black "Sidoti, Gaetano"]
[WhiteElo "1815"]
[BlackElo "1326"]
[Result "1-0"]
[PlyCount "77"]
[EventDate "2015.05.08"]

1. e4 e5 2. f4 exf4 3. Nf3 d6 4. Bc4 h6 5. O-O g5 6. d4 Bg7 7. c3 Nc6 8. Qb3
Qd7 9. Bb5 a6 10. Bd3 Nge7 11. Na3 Qe6 12. d5 Na5 13. dxe6 Nxb3 14. exf7+ Kxf7
15. axb3 Ng6 16. Nb5 Ne5 17. Nxe5+ dxe5 18. Nxc7 Rb8 19. Be3 Rd8 20. Bc4+ Kg6
21. Ba7 b5 22. Bd5 Rb7 23. Bxb7 Bxb7 24. Rfd1 Rxd1+ 25. Rxd1 Bxe4 26. Rd6+ Kh5
27. Rd7 Bf8 28. Ne6 Bf5 29. Nxf8 Bxd7 30. Nxd7 g4 31. Nxe5 Kh4 32. Bc5 g3 33.
h3 Kg5 34. Kf1 Kf5 35. Nf3 Ke4 36. Ke2 Kd5 37. Bf8 h5 38. Kd3 Ke6 39. Ke4 1-0

[Event "II Weekend Lago Maggiore"]
[Site "Leggiuno ITA"]
[Date "2015.05.09"]
[Round "3"]
[White "Ciochetta, Giovanni"]
[Black "Centofante, Maria Rosa"]
[WhiteElo "1614"]
[BlackElo "1488"]
[Result "0-1"]
[PlyCount "106"]
[EventDate "2015.05.08"]

1. e4 d5 2. exd5 Qxd5 3. Nc3 Qa5 4. d3 Nf6 5. Bd2 c6 6. Nf3 Bg4 7. Be2 Qc7 8.
O-O e6 9. h3 Bh5 10. Ng5 Bxe2 11. Qxe2 h6 12. Nge4 Nbd7 13. Rfe1 Be7 14. Ng3
O-O 15. Nh5 Kh7 16. Nxf6+ Nxf6 17. Ne4 Rad8 18. Bc3 Nd5 19. Bd2 Nf4 20. Qf3 Ng6
21. Bc3 Rd5 22. Ng3 Ne5 23. Qe4+ Ng6 24. Re3 Bd6 25. h4 Kg8 26. Ne2 Rh5 27. g3
Qe7 28. Qg4 Rf5 29. f4 Rf6 30. Bxf6 Qxf6 31. c3 Ne7 32. Nd4 Bc5 33. Re4 Nf5 34.
Kg2 Rd8 35. Kh3 Nxd4 36. cxd4 Bxd4 37. Qd1 Bxb2 38. Rb1 Rd7 39. Qc2 Bd4 40. Qc4
e5 41. fxe5 Bxe5 42. Rbe1 Qf5+ 43. Kg2 Rd5 44. Rf1 Qd7 45. Rf3 b5 46. Qb3 a5
47. a4 b4 48. Rc4 Bc3 49. Rcf4 Bf6 50. Re4 c5 51. Rfe3 Kh7 52. Re8 Qb7 53. Qc4
Rd4+ 0-1

[Event "II Weekend Lago Maggiore"]
[Site "Leggiuno ITA"]
[Date "2015.05.09"]
[Round "3"]
[White "D'Aulisa, Francesco"]
[Black "Cova, Ennio"]
[WhiteElo "1775"]
[BlackElo "1622"]
[Result "1/2-1/2"]
[PlyCount "116"]
[EventDate "2015.05.08"]

1. e4 e5 2. Nf3 Nc6 3. a3 Nf6 4. d3 d5 5. exd5 Nxd5 6. h3 Be7 7. Be2 O-O 8.
Nbd2 Nf4 9. O-O Re8 10. Nc4 Nxe2+ 11. Qxe2 Bf6 12. Be3 b5 13. Ncd2 Nd4 14. Bxd4
exd4 15. Ne4 Bb7 16. Rae1 Bxe4 17. dxe4 c6 18. Qd3 g6 19. e5 Bg7 20. Re2 Qd5
21. Rfe1 Rad8 22. b3 a6 23. Qe4 Qxe4 24. Rxe4 d3 25. cxd3 Rxd3 26. R4e3 Rxe3
27. Rxe3 h6 28. Kf1 c5 29. Ke2 Re6 30. Kd3 a5 31. a4 bxa4 32. bxa4 Rb6 33. Nd2
Rb4 34. Re4 h5 35. f4 Bh6 36. g3 h4 37. g4 Bxf4 38. Rxb4 cxb4 39. Nb3 Bxe5 40.
Nxa5 f5 41. gxf5 gxf5 42. Nb3 Kf7 43. a5 Ke7 44. a6 Bb8 45. Nd4 Kd6 46. Nxf5+
Kc5 47. Nxh4 Kb5 48. Nf5 Kxa6 49. Kc4 Ka5 50. Kb3 Be5 51. h4 Kb5 52. h5 Kc5 53.
h6 Bh8 54. Ne7 Ba1 55. h7 Bc3 56. Ng6 Kd6 57. Nf4 Ke7 58. Nd5+ Kf7 1/2-1/2

[Event "II Weekend Lago Maggiore"]
[Site "Leggiuno ITA"]
[Date "2015.05.09"]
[Round "3"]
[White "Fattorelli, Luciano"]
[Black "Tomassoni, Leonardo"]
[WhiteElo "1880"]
[BlackElo "1807"]
[Result "1-0"]
[PlyCount "95"]
[EventDate "2015.05.08"]

1. c4 Nf6 2. Nf3 g6 3. d4 Bg7 4. Nc3 O-O 5. e4 d6 6. Be2 c6 7. O-O a6 8. a4
Nbd7 9. h3 Qc7 10. Be3 e5 11. Qc2 exd4 12. Nxd4 Re8 13. f4 Nc5 14. Bf3 Qe7 15.
Rfe1 Be6 16. b3 Bd7 17. Bf2 Ne6 18. Nxe6 fxe6 19. e5 dxe5 20. fxe5 Nh5 21. Rad1
Bc8 22. Qd2 Qf8 23. Bxh5 gxh5 24. Qg5 Qf5 25. Qe3 Rf8 26. Bg3 Qg6 27. Ne4 b5
28. Qb6 bxc4 29. Qxc6 Rb8 30. Qxc4 Bb7 31. Bh2 Bd5 32. Rxd5 exd5 33. Qxd5+ Kh8
34. e6 Rbd8 35. Nd6 Qf6 36. Qe4 Qe7 37. Nf5 Qc5+ 38. Ne3 Rfe8 39. Kh1 Qc3 40.
Nf5 Bf6 41. Nd6 Rxd6 42. Bxd6 Qxb3 43. Be5 Rxe6 44. Bxf6+ Rxf6 45. Qd4 Kg7 46.
Re7+ Kg6 47. Qe4+ Kg5 48. h4+ 1-0

[Event "II Weekend Lago Maggiore"]
[Site "Leggiuno ITA"]
[Date "2015.05.09"]
[Round "3"]
[White "Hajnal, Zoltan"]
[Black "Boschetti, Claudio"]
[WhiteElo "2360"]
[BlackElo "2109"]
[Result "1-0"]
[PlyCount "91"]
[EventDate "2015.05.08"]

1. e4 e5 2. Nf3 Nc6 3. Bc4 Nf6 4. Ng5 d5 5. exd5 Nd4 6. c3 b5 7. Bf1 Nxd5 8.
cxd4 Qxg5 9. Bxb5+ Kd8 10. O-O Nf4 11. Bc6 Bg4 12. Qb3 Be6 13. Qb5 Bd5 14. Bxd5
e4 15. g3 Qxd5 16. Qxd5+ Nxd5 17. a3 f5 18. Nc3 Nf6 19. d3 exd3 20. Rd1 Rb8 21.
b4 Bd6 22. Rxd3 h6 23. Bd2 Kd7 24. d5 Rhf8 25. Rc1 a5 26. Na4 axb4 27. axb4 Ne4
28. Nc5+ Bxc5 29. bxc5 Rb2 30. Be3 Ra8 31. d6 Ra6 32. dxc7+ Kxc7 33. Bf4+ Kc8
34. Rcd1 Rc2 35. c6 Raxc6 36. Rd8+ Kb7 37. Rb1+ Ka7 38. Be3+ Nc5 39. Rd7+ Ka6
40. Rxg7 Rc4 41. Rf7 f4 42. Rxf4 Rxf4 43. Bxf4 Nd3 44. Be3 Ka5 45. Rd1 Nb2 46.
Rd4 1-0

[Event "II Weekend Lago Maggiore"]
[Site "Leggiuno ITA"]
[Date "2015.05.09"]
[Round "3"]
[White "Medici, Simone"]
[Black "Angelini, Marco"]
[WhiteElo "2091"]
[BlackElo "2218"]
[Result "0-1"]
[PlyCount "105"]
[EventDate "2015.05.08"]

1. e4 c5 2. Nc3 e6 3. Nf3 a6 4. d4 cxd4 5. Nxd4 b5 6. Be3 Bb7 7. Bd3 d6 8. a3
Nf6 9. f4 Nbd7 10. O-O Be7 11. Qe2 Qc7 12. Rae1 O-O 13. Nb3 Rfe8 14. g4 Nc5 15.
Nd2 Bf8 16. g5 Nfd7 17. h4 Rad8 18. h5 g6 19. Qf2 Nxd3 20. cxd3 Nc5 21. Qe2 d5
22. d4 Nxe4 23. Ncxe4 dxe4 24. Rc1 Qd7 25. Qg2 Bg7 26. Nb3 Qd5 27. Rc3 gxh5 28.
Rfc1 Qf5 29. Nc5 Ba8 30. Rd1 Rd6 31. Rc2 Red8 32. Nb3 Bd5 33. Na5 Ba8 34. Nb3
Qg4 35. Qxg4 hxg4 36. Rg2 a5 37. Rgd2 a4 38. Nc5 h5 39. Kf2 h4 40. b3 Kh7 41.
bxa4 bxa4 42. Nxa4 g3+ 43. Kg2 Ra6 44. Nc3 Rxa3 45. Rc2 Kg6 46. Kh3 Kh5 47. Bc1
Rb3 48. Be3 Rc8 49. Rdc1 Rc4 50. Nd1 Rxc2 51. Rxc2 Rd3 52. Rc1 Bd5 53. Bg1 0-1

[Event "II Weekend Lago Maggiore"]
[Site "Leggiuno ITA"]
[Date "2015.05.09"]
[Round "3"]
[White "Modaffari, Giuseppe"]
[Black "Lyabel, Giacomo"]
[WhiteElo "1543"]
[BlackElo "1545"]
[Result "1/2-1/2"]
[PlyCount "46"]
[EventDate "2015.05.08"]

1. e4 c5 2. Nf3 d6 3. d4 cxd4 4. Nxd4 Nf6 5. Nc3 Nc6 6. Nb3 g6 7. Be2 Bg7 8.
O-O O-O 9. Kh1 b6 10. Be3 Bb7 11. f3 Nd7 12. Qd2 Re8 13. Rad1 Nc5 14. Bc4 Qc8
15. Bh6 Ba6 16. Bxa6 Nxa6 17. Bxg7 Kxg7 18. Nd4 f6 19. a3 Nxd4 20. Qxd4 Qc5 21.
Qa4 Qc8 22. Qd4 Qc5 23. Qa4 Qc8 1/2-1/2

[Event "II Weekend Lago Maggiore"]
[Site "Leggiuno ITA"]
[Date "2015.05.09"]
[Round "3"]
[White "Montilli, Vincenzo"]
[Black "Erdelyi, Tamas"]
[WhiteElo "2181"]
[BlackElo "2101"]
[Result "1/2-1/2"]
[PlyCount "20"]
[EventDate "2015.05.08"]

1. Nf3 c5 2. c4 b6 3. g3 Bb7 4. Bg2 Nf6 5. O-O g6 6. d4 cxd4 7. Qxd4 Bg7 8. Nc3
d6 9. Be3 Nbd7 10. Rad1 Rc8 1/2-1/2

[Event "II Weekend Lago Maggiore"]
[Site "Leggiuno ITA"]
[Date "2015.05.09"]
[Round "3"]
[White "Nai, Giovanni"]
[Black "Fregonese, Giulio"]
[WhiteElo "1801"]
[BlackElo "2061"]
[Result "0-1"]
[PlyCount "120"]
[EventDate "2015.05.08"]

1. e4 e5 2. Nf3 Nc6 3. Bb5 f5 4. d3 fxe4 5. dxe4 Nf6 6. O-O Bc5 7. Nc3 d6 8.
Bg5 O-O 9. Nd5 Kh8 10. c3 Ne7 11. Nxe7 Qxe7 12. Be2 Be6 13. h3 Qf7 14. Qc2 Qg6
15. Kh2 Nh5 16. Bd2 Nf4 17. Bxf4 Rxf4 18. g3 Rf6 19. Nh4 Qf7 20. f3 Rf8 21. Bd3
g6 22. b4 Be3 23. Ng2 Bh6 24. Be2 Qd7 25. h4 R6f7 26. a4 a6 27. Qd3 Qe7 28. Rf2
Bc8 29. Ne3 Qd7 30. Ng4 Bg7 31. Rg2 Qd8 32. Nf2 Bd7 33. c4 Qe8 34. b5 a5 35.
Rc1 b6 36. Rf1 h5 37. Nh3 Rf6 38. Rgf2 Bh6 39. Qc3 Bg7 40. Qe3 Qc8 41. Ng1 Kh7
42. Qd3 Bh6 43. Rd1 Be6 44. Bf1 Qe8 45. Bh3 Bg4 46. Rdf1 Qf7 47. Qe2 g5 48.
hxg5 Bxg5 49. Bg2 h4 50. Nh3 hxg3+ 51. Kxg3 Bxh3 52. Bxh3 Bh4+ 53. Kxh4 Rh6+
54. Kg3 Qf4+ 55. Kg2 Rg8+ 56. Kh1 Rg3 57. Rh2 Rhxh3 58. Rxh3+ Rxh3+ 59. Kg1 Qh4
60. Qe1 Rh1+ 0-1

[Event "II Weekend Lago Maggiore"]
[Site "Leggiuno ITA"]
[Date "2015.05.09"]
[Round "3"]
[White "Picchi, Luciano Enrico"]
[Black "Benazzo, Angelo"]
[WhiteElo "1586"]
[BlackElo "1692"]
[Result "1/2-1/2"]
[PlyCount "115"]
[EventDate "2015.05.08"]

1. e4 c5 2. c4 Nc6 3. Nc3 g6 4. b3 Bg7 5. Bb2 e6 6. Rb1 Nge7 7. Na4 Bxb2 8.
Rxb2 d6 9. g3 O-O 10. Bg2 Nd4 11. Ne2 Nec6 12. O-O Qf6 13. Nxd4 Nxd4 14. Nc3
Bd7 15. Rb1 Kg7 16. Kh1 Bc6 17. f4 Qe7 18. Ne2 f5 19. Nxd4 cxd4 20. d3 fxe4 21.
dxe4 e5 22. Qd3 Bd7 23. Rb2 Rf7 24. Rbf2 Raf8 25. Kg1 Rf6 26. Qd2 b6 27. Kh1
Bc6 28. Qd3 Qb7 29. Kg1 a6 30. a4 b5 31. Rb1 Rb8 32. cxb5 axb5 33. a5 b4 34.
Ra1 Bb5 35. Qd2 Ba6 36. Qe1 Rf7 37. Bf1 Rc7 38. Rb2 Rc3 39. Bh3 Re3 40. Qf2
Qxe4 41. Bg2 Qf5 42. Re1 Rc3 43. Be4 Qf7 44. Reb1 Rb5 45. Qd2 Rxa5 46. fxe5
dxe5 47. Qg2 Bd3 48. Rf2 Qe6 49. Qf3 Qe7 50. Bxd3 Ra3 51. Qd5 Rxd3 52. Rbf1 Kh6
53. Qg2 Qg5 54. Qh3+ Qh5 55. Qc8 Qg5 56. Qh3+ Qh5 57. Qc8 Qg5 58. Qh3+ 1/2-1/2

[Event "II Weekend Lago Maggiore"]
[Site "Leggiuno ITA"]
[Date "2015.05.09"]
[Round "3"]
[White "Rodolfo Masera, Giovanni Luca"]
[Black "Stefanetti, Marco"]
[WhiteElo "1908"]
[BlackElo "2121"]
[Result "0-1"]
[PlyCount "50"]
[EventDate "2015.05.08"]

1. d4 Nf6 2. c4 e6 3. g3 c5 4. Nf3 cxd4 5. Nxd4 Qc7 6. Nd2 Bb4 7. b3 O-O 8. Qc2
e5 9. N4f3 Nc6 10. a3 Bxd2+ 11. Bxd2 e4 12. Bf4 Qa5+ 13. Bd2 Qf5 14. Nh4 Qe6
15. Ng2 d5 16. cxd5 Nxd5 17. Qb2 b6 18. Nf4 Nxf4 19. gxf4 Ba6 20. Rg1 g6 21.
Rc1 Rad8 22. f5 Qd5 23. Bh6 Nd4 24. Bh3 Bxe2 25. Bxf8 Nf3+ 0-1

[Event "II Weekend Lago Maggiore"]
[Site "Leggiuno ITA"]
[Date "2015.05.09"]
[Round "3"]
[White "Rossi, Emanuele"]
[Black "Sotgia, Cosimo"]
[WhiteElo "1630"]
[BlackElo "1887"]
[Result "0-1"]
[PlyCount "94"]
[EventDate "2015.05.08"]

1. e4 e5 2. Nf3 Nc6 3. Bc4 Bc5 4. b4 Bxb4 5. c3 Bc5 6. d4 exd4 7. cxd4 Bb4+ 8.
Bd2 Bxd2+ 9. Nbxd2 Qe7 10. O-O Nh6 11. e5 O-O 12. Re1 Na5 13. Bd3 d5 14. exd6
Qxd6 15. Ne4 Qd8 16. Neg5 Bf5 17. Bxf5 Nxf5 18. Re5 Nxd4 19. Nxd4 b6 20. Qc2 g6
21. Ngf3 c5 22. Nb5 a6 23. Nc3 Nc6 24. Rd5 Qf6 25. Rad1 Nb4 26. Ne4 Qg7 27. Qd2
Nxd5 28. Qxd5 Rae8 29. g4 h6 30. Nd6 Re2 31. Ne4 Re8 32. Ng3 R2e6 33. Qb7 b5
34. Nf1 Qf6 35. Ne3 Rd6 36. Rf1 Qe7 37. Qxe7 Rxe7 38. h4 c4 39. g5 h5 40. Nc2
a5 41. Kg2 b4 42. Rb1 Re2 43. Ne3 c3 44. Nc4 c2 45. Rf1 Rd1 46. Nd4 Rxd4 47.
Nb2 Rdd2 0-1

[Event "II Weekend Lago Maggiore"]
[Site "Leggiuno ITA"]
[Date "2015.05.10"]
[Round "4"]
[White "Angelini, Marco"]
[Black "Montilli, Vincenzo"]
[WhiteElo "2218"]
[BlackElo "2181"]
[Result "1/2-1/2"]
[PlyCount "86"]
[EventDate "2015.05.08"]

1. e4 e6 2. d4 d5 3. Nc3 Nf6 4. Bg5 Be7 5. e5 Nfd7 6. Bxe7 Qxe7 7. f4 O-O 8.
Nf3 f6 9. exf6 Qxf6 10. g3 c5 11. dxc5 Nxc5 12. Bg2 Nc6 13. O-O d4 14. Nb5 Rd8
15. Qd2 a6 16. Na3 d3 17. c3 Rb8 18. Nc4 b5 19. Nfe5 Ne7 20. Na5 Bd7 21. b4 Na4
22. Nb7 Be8 23. Nxd8 Rxd8 24. Rf3 Bg6 25. Nxg6 hxg6 26. Rc1 Qf5 27. Re3 a5 28.
Be4 Qf6 29. Rxd3 Rxd3 30. Bxd3 axb4 31. cxb4 Qd4+ 32. Kf1 Nb2 33. Ke2 Qd5 34.
Rf1 Nxd3 35. Qxd3 Qxa2+ 36. Kf3 Qxh2 37. Qd8+ Kf7 38. Qd3 Nf5 39. Qd7+ Kf8 40.
Qd8+ Kf7 41. Qc7+ Kg8 42. Qd8+ Kf7 43. Qd7+ Kf8 1/2-1/2

[Event "II Weekend Lago Maggiore"]
[Site "Leggiuno ITA"]
[Date "2015.05.10"]
[Round "4"]
[White "Benazzo, Angelo"]
[Black "Ciochetta, Giovanni"]
[WhiteElo "1692"]
[BlackElo "1614"]
[Result "1-0"]
[PlyCount "121"]
[EventDate "2015.05.08"]

1. Nf3 Nf6 2. g3 b6 3. Bg2 Bb7 4. O-O e6 5. c4 Be7 6. Nc3 O-O 7. Qc2 Nc6 8. d4
d5 9. cxd5 Nxd5 10. a3 Nxc3 11. bxc3 Na5 12. c4 c5 13. Rd1 Qc7 14. Bd2 Bxf3 15.
Bxf3 Nb7 16. d5 Rad8 17. Bc3 e5 18. e4 Nd6 19. Bxe5 Qd7 20. Qc3 f6 21. Bf4 Nf7
22. Kg2 g5 23. Be3 Ne5 24. Be2 Ng4 25. h3 Nh6 26. Qd2 Kh8 27. Rh1 Rg8 28. g4
Bd6 29. a4 Nf7 30. a5 Ra8 31. Ra2 Bc7 32. Rb1 Qd6 33. Rh1 Ne5 34. a6 Ng6 35.
Kf1 Nh4 36. Qb2 h6 37. Bd2 Rgf8 38. Ra3 Rae8 39. Re3 Qf4 40. Qc2 Bd6 41. Bc3
Be5 42. Bxe5 Qxe5 43. Rg1 Qd6 44. Qc3 Re5 45. Ke1 Rfe8 46. f3 Ng6 47. Kd1 Nf4
48. Bf1 Qd7 49. Qb3 Ng6 50. Rg2 Nh4 51. Rf2 f5 52. Qc3 Kg8 53. Bd3 Qa4+ 54. Bc2
Qxa6 55. d6 Qb7 56. Ba4 R5e6 57. Bxe8 Rxe8 58. exf5 Rd8 59. Kc2 Qc6 60. Re7
Qa4+ 61. Kb2 1-0

[Event "II Weekend Lago Maggiore"]
[Site "Leggiuno ITA"]
[Date "2015.05.10"]
[Round "4"]
[White "Boschetti, Claudio"]
[Black "Stefanetti, Marco"]
[WhiteElo "2109"]
[BlackElo "2121"]
[Result "1/2-1/2"]
[PlyCount "90"]
[EventDate "2015.05.08"]

1. e4 c6 2. d4 d5 3. Nc3 dxe4 4. Nxe4 Bf5 5. Ng3 Bg6 6. Nf3 Nd7 7. Bd3 e6 8.
O-O Ngf6 9. Re1 Be7 10. Ng5 Bxd3 11. Qxd3 O-O 12. a3 h6 13. Nh3 Re8 14. Bd2 c5
15. Rad1 cxd4 16. Qxd4 Qc7 17. Bc3 Bc5 18. Qh4 Be7 19. Rd3 Nd5 20. Qg4 N7f6 21.
Qf3 Nxc3 22. Rxc3 Qa5 23. Nf4 Rac8 24. b4 Rxc3 25. Qxc3 Qd8 26. Ngh5 Qd6 27. g3
Rd8 28. Qf3 Qd2 29. Rf1 Nxh5 30. Nxh5 Rd5 31. Nf4 Rd7 32. Qb3 Bf6 33. Qa4 a6
34. Nd3 Rc7 35. Nc5 Bd4 36. Qe8+ Kh7 37. Qb8 Be5 38. Nd3 Bd6 39. Qd8 Rxc2 40.
Qxd6 Rc3 41. Qe7 Qxd3 42. Qxf7 Qd5 43. Re1 Rxa3 44. Qxe6 Qxe6 45. Rxe6 b5
1/2-1/2

[Event "II Weekend Lago Maggiore"]
[Site "Leggiuno ITA"]
[Date "2015.05.10"]
[Round "4"]
[White "Brioschi, Camillo"]
[Black "Rodolfo Masera, Giovanni Luca"]
[WhiteElo "1790"]
[BlackElo "1908"]
[Result "0-1"]
[PlyCount "100"]
[EventDate "2015.05.08"]

1. d4 Nf6 2. c4 c5 3. d5 e6 4. Nc3 exd5 5. cxd5 d6 6. e4 g6 7. Bb5+ Bd7 8. Bd3
Bg7 9. f4 O-O 10. Nf3 Re8 11. O-O b5 12. Re1 b4 13. Nb1 Qb6 14. Kh1 Ng4 15. Qe2
a5 16. Nbd2 Nf6 17. Nc4 Qc7 18. Qf2 Bg4 19. Rb1 Bxf3 20. gxf3 Nh5 21. Qh4 Nd7
22. Bd2 Nb6 23. f5 Nxc4 24. Bxc4 Bd4 25. Be3 Bxe3 26. Rxe3 Qe7 27. Qxe7 Rxe7
28. fxg6 hxg6 29. Rbe1 f6 30. Rg1 Nf4 31. Rg4 g5 32. Re1 Ng6 33. Be2 Rh7 34.
Reg1 Kf7 35. Bf1 Rah8 36. h3 Nf4 37. R1g3 Ng6 38. Rg1 Ne5 39. R4g3 Rh4 40. Kg2
c4 41. Kf2 Rc8 42. Ke2 c3 43. bxc3 Rxc3 44. f4 Rxg3 45. Rxg3 Rxf4 46. Bg2 Nc4
47. Rf3 Rxf3 48. Bxf3 a4 49. Kd1 b3 50. axb3 a3 0-1

[Event "II Weekend Lago Maggiore"]
[Site "Leggiuno ITA"]
[Date "2015.05.10"]
[Round "4"]
[White "Castiglioni, Fabrizio"]
[Black "Modaffari, Giuseppe"]
[WhiteElo "1782"]
[BlackElo "1543"]
[Result "1-0"]
[PlyCount "95"]
[EventDate "2015.05.08"]

1. e4 c5 2. Nf3 d6 3. d4 cxd4 4. Nxd4 Nf6 5. Nc3 g6 6. f3 Bg7 7. Bc4 Nc6 8. Nb3
O-O 9. Be3 a6 10. Qd2 Bd7 11. O-O-O Rc8 12. Be2 b5 13. Bh6 Ne5 14. Bxg7 Kxg7
15. g4 Be6 16. g5 Nh5 17. f4 Nc4 18. Qd4+ f6 19. f5 Bf7 20. Bxh5 gxh5 21. gxf6+
exf6 22. Rhg1+ Kh8 23. Rg3 Ne5 24. Qxd6 Qxd6 25. Rxd6 Rc6 26. Rxc6 Nxc6 27. Nd5
Bxd5 28. exd5 Ne5 29. Nd2 Rd8 30. Ne4 h4 31. Rg2 Rf8 32. b3 Nd7 33. Kd2 Re8 34.
Nd6 Re7 35. Kd3 h5 36. Kd4 Ne5 37. c4 bxc4 38. bxc4 Rc7 39. Rb2 Nf3+ 40. Kc3
Kh7 41. Rb7 Rxb7 42. Nxb7 Nxh2 43. d6 Nf3 44. d7 Kh6 45. d8=Q Kg5 46. Qd3 Kg4
47. Nc5 h3 48. Ne4 1-0

[Event "II Weekend Lago Maggiore"]
[Site "Leggiuno ITA"]
[Date "2015.05.10"]
[Round "4"]
[White "Centofante, Maria Rosa"]
[Black "Picchi, Luciano Enrico"]
[WhiteElo "1488"]
[BlackElo "1586"]
[Result "0-1"]
[PlyCount "116"]
[EventDate "2015.05.08"]

1. d4 f5 2. Nf3 e6 3. c4 Nf6 4. Nc3 c6 5. Bg5 Be7 6. e3 O-O 7. Bd3 d5 8. O-O
Bd7 9. Ne5 Be8 10. h3 Nbd7 11. f4 h6 12. Bh4 a6 13. c5 Kh8 14. b4 Nxe5 15. fxe5
Bh5 16. Be2 Bxe2 17. Nxe2 Ne4 18. Bxe7 Qxe7 19. Nf4 Qf7 20. Rc1 Kh7 21. Nh5 Qe7
22. Qe1 g6 23. Nf6+ Nxf6 24. exf6 Rxf6 25. Qh4 Raf8 26. Rf2 Qc7 27. Rcf1 g5 28.
Qh5 Qf7 29. Qxf7+ R8xf7 30. g3 Kg6 31. Kg2 h5 32. Kh2 Kg7 33. Kg2 Kh6 34. Kh2
Kh7 35. Kg2 Kg6 36. Kh2 Re7 37. g4 hxg4 38. hxg4 Ref7 39. Kg3 fxg4 40. Rxf6+
Rxf6 41. Rxf6+ Kxf6 42. Kxg4 Kg6 43. a3 Kf6 44. a4 Kg6 45. a5 Kf6 46. Kf3 Kf5
47. Kg3 g4 48. Kh4 e5 49. dxe5 Kxe5 50. Kxg4 Ke4 51. Kg5 d4 52. exd4 Kxd4 53.
Kf6 Kc4 54. Ke6 Kxb4 55. Kd6 Kxa5 56. Kc7 Kb5 57. Kxb7 Kxc5 58. Kxa6 Kb4 0-1

[Event "II Weekend Lago Maggiore"]
[Site "Leggiuno ITA"]
[Date "2015.05.10"]
[Round "4"]
[White "Cova, Ennio"]
[Black "Nai, Giovanni"]
[WhiteElo "1622"]
[BlackElo "1801"]
[Result "1/2-1/2"]
[PlyCount "36"]
[EventDate "2015.05.08"]

1. e4 d5 2. exd5 Qxd5 3. Nc3 Qe6+ 4. Be2 Qg6 5. Nf3 Nc6 6. d3 e5 7. Ne4 Be7 8.
O-O f5 9. Nxe5 Qe6 10. Nxc6 Qxc6 11. Ng3 Nf6 12. Bf3 Qd6 13. Re1 O-O 14. Ne2
Qb6 15. b3 Bd7 16. d4 Ne4 17. c4 Bb4 18. Rf1 Rae8 1/2-1/2

[Event "II Weekend Lago Maggiore"]
[Site "Leggiuno ITA"]
[Date "2015.05.10"]
[Round "4"]
[White "Erdelyi, Tamas"]
[Black "Hajnal, Zoltan"]
[WhiteElo "2101"]
[BlackElo "2360"]
[Result "0-1"]
[PlyCount "46"]
[EventDate "2015.05.08"]

1. Nf3 d5 2. g3 Nc6 3. Bg2 e5 4. d3 f6 5. O-O Be6 6. c3 Qd7 7. Re1 g5 8. b4 h5
9. Nbd2 h4 10. Qc2 O-O-O 11. b5 Nb8 12. a4 Bh3 13. Bh1 Ne7 14. Ba3 Ng6 15. Bxf8
Rdxf8 16. Qb3 hxg3 17. hxg3 Be6 18. Bg2 Nf4 19. gxf4 gxf4 20. Reb1 Rfg8 21. Ne1
Bh3 22. e3 Bxg2 23. Nxg2 Rxg2+ 0-1

[Event "II Weekend Lago Maggiore"]
[Site "Leggiuno ITA"]
[Date "2015.05.10"]
[Round "4"]
[White "Fregonese, Giulio"]
[Black "Fattorelli, Luciano"]
[WhiteElo "2061"]
[BlackElo "1880"]
[Result "1-0"]
[PlyCount "81"]
[EventDate "2015.05.08"]

1. e4 c5 2. c3 d5 3. exd5 Qxd5 4. d4 Nf6 5. Nf3 Bg4 6. Nbd2 cxd4 7. Bc4 Qd7 8.
Qb3 e6 9. Nxd4 Bc5 10. N2f3 O-O 11. O-O Bxd4 12. Nxd4 Nc6 13. Nxc6 Qxc6 14. Be3
a6 15. f3 Bf5 16. a4 Rac8 17. Be2 Nd5 18. Bd4 Nf4 19. Rfe1 Nxe2+ 20. Rxe2 Rfd8
21. Re5 Rd5 22. Rae1 Rxe5 23. Rxe5 Qd7 24. a5 Rc6 25. h4 Bg6 26. Re1 Bd3 27.
Qd1 Bg6 28. f4 Qd5 29. Re5 Qd7 30. h5 f6 31. Re3 Be8 32. Qg4 Qf7 33. Rg3 Rc7
34. h6 g6 35. Qh4 f5 36. Re3 Bc6 37. Qd8+ Be8 38. Qd6 Re7 39. Qe5 Kf8 40. Bc5
Bc6 41. Qh8+ 1-0

[Event "II Weekend Lago Maggiore"]
[Site "Leggiuno ITA"]
[Date "2015.05.10"]
[Round "4"]
[White "Lyabel, Giacomo"]
[Black "D'Aulisa, Francesco"]
[WhiteElo "1545"]
[BlackElo "1775"]
[Result "0-1"]
[PlyCount "94"]
[EventDate "2015.05.08"]

1. d4 e6 2. c4 d6 3. Nc3 Nd7 4. Nf3 h6 5. e3 Ne7 6. Bd3 b6 7. b3 Bb7 8. O-O g5
9. Nd2 Rg8 10. f3 e5 11. d5 Bc8 12. e4 Ng6 13. g3 Nc5 14. Be2 Bh3 15. Rf2 a6
16. Bf1 Qc8 17. b4 Nb7 18. a3 Be7 19. Nb3 Bxf1 20. Qxf1 Qd7 21. Bd2 h5 22. Kh1
h4 23. g4 h3 24. Qxh3 Rh8 25. Qf1 Nf4 26. Bxf4 gxf4 27. a4 Bh4 28. Rg2 f6 29.
Rc2 a5 30. b5 Qh7 31. Raa2 Kd7 32. Rg2 Rag8 33. Qe2 Rg6 34. Kg1 Rh6 35. Qd2 Bg5
36. Qe2 Rh3 37. Ra1 Bh4 38. Ra2 Nd8 39. Nd1 Nf7 40. Nf2 Bxf2+ 41. Rxf2 Ng5 42.
Kf1 Nxe4 43. Qxe4 Qxe4 44. fxe4 Rxb3 45. Kg1 f3 46. Rab2 Re3 47. Rbc2 Rh4 0-1

[Event "II Weekend Lago Maggiore"]
[Site "Leggiuno ITA"]
[Date "2015.05.10"]
[Round "4"]
[White "Schneider, Antonio"]
[Black "Medici, Simone"]
[WhiteElo "1837"]
[BlackElo "2091"]
[Result "0-1"]
[PlyCount "90"]
[EventDate "2015.05.08"]

1. e4 e5 2. Nf3 Nc6 3. Bb5 Nf6 4. O-O d6 5. Re1 Be7 6. d4 exd4 7. Nxd4 Bd7 8.
Nxc6 bxc6 9. Ba4 O-O 10. c4 Re8 11. Nc3 Rb8 12. Bc2 Ng4 13. h3 Ne5 14. b3 Bh4
15. Rf1 Qf6 16. Bd2 Qg6 17. Kh1 Qf6 18. f4 Ng6 19. Qf3 Qe7 20. Rad1 a6 21. Kh2
Rbd8 22. g4 Bf6 23. Ne2 c5 24. Ng3 Nh4 25. Qd3 Ng6 26. Ba5 Bc6 27. Rde1 Qd7 28.
Nf5 Nxf4 29. Qf3 Be5 30. Kh1 g6 31. Nh6+ Kg7 32. Bd2 Kxh6 33. Bxf4+ Bxf4 34.
Qxf4+ Kg7 35. Re3 Re7 36. g5 Rde8 37. Qh4 Kg8 38. Kg1 Re5 39. Rf4 Qe7 40. Rg4
Bd7 41. Rgg3 Bf5 42. Qf4 Bxe4 43. Bd1 Bb7 44. Kf2 Qd7 45. h4 Rf5 0-1

[Event "II Weekend Lago Maggiore"]
[Site "Leggiuno ITA"]
[Date "2015.05.10"]
[Round "4"]
[White "Sidoti, Gaetano"]
[Black "Rossi, Emanuele"]
[WhiteElo "1326"]
[BlackElo "1630"]
[Result "0-1"]
[PlyCount "68"]
[EventDate "2015.05.08"]

1. e4 e5 2. f4 d6 3. Nf3 Bg4 4. fxe5 Bxf3 5. Qxf3 dxe5 6. Bc4 Nf6 7. O-O Qd4+
8. Kh1 Qxc4 9. d3 Qe6 10. Nc3 Bd6 11. Bg5 Nbd7 12. a3 O-O-O 13. Qe3 Bc5 14. Qf3
h6 15. Bxf6 Nxf6 16. b4 Bd4 17. Na4 Bxa1 18. Rxa1 Rdf8 19. Nc5 Qd6 20. Rd1 b6
21. Qf5+ Kb8 22. Na6+ Kb7 23. b5 Qe6 24. Qf1 c5 25. a4 Ng4 26. Ra1 f5 27. Qg1
Qd6 28. h3 h5 29. Rd1 fxe4 30. hxg4 hxg4+ 31. Qh2 g3 32. Qh3 Qd4 33. c3 Qf2 34.
dxe4 Rxh3+ 0-1

[Event "II Weekend Lago Maggiore"]
[Site "Leggiuno ITA"]
[Date "2015.05.10"]
[Round "4"]
[White "Sotgia, Cosimo"]
[Black "Buzio, Alberto"]
[WhiteElo "1887"]
[BlackElo "1815"]
[Result "1/2-1/2"]
[PlyCount "90"]
[EventDate "2015.05.08"]

1. e4 c5 2. Nf3 a6 3. g3 Nc6 4. Bg2 d6 5. O-O Nf6 6. d3 Bg4 7. h3 Bh5 8. c3 e6
9. Nbd2 Be7 10. Re1 O-O 11. g4 Bg6 12. Nf1 Rc8 13. Ng3 b5 14. Nh2 Nd7 15. Qe2
e5 16. Nhf1 Bh4 17. f4 f6 18. Kh2 Bf7 19. Rd1 Nb6 20. Nf5 g5 21. Nxh4 gxh4 22.
f5 c4 23. Bh6 cxd3 24. Qxd3 Bc4 25. Qxd6 Qxd6 26. Rxd6 Rfd8 27. Rxd8+ Rxd8 28.
Ne3 Kf7 29. b3 Bd3 30. Rd1 Be2 31. Re1 Bd3 32. Nd5 Nxd5 33. exd5 Ne7 34. Re3 e4
35. Bxe4 Bxe4 36. Rxe4 Rxd5 37. c4 bxc4 38. Rxc4 Re5 39. Rc2 Nd5 40. a3 Re4 41.
b4 Ne3 42. Bxe3 Rxe3 43. Ra2 Rb3 44. Kg2 Rg3+ 45. Kh2 Rb3 1/2-1/2